Red Flag over Afghanistan: The communist coup, the Soviet invasion and the consequences (Record no. 298574)

000 -LEADER
fixed length control field 00322 a2200109 4500
001 - CONTROL NUMBER
control field 63501
082 ## - DEWEY DECIMAL CLASSIFICATION NUMBER
Classification number 958.1044 HAM
090 ## - LOCALLY ASSIGNED LC-TYPE CALL NUMBER (OCLC); LOCAL CALL NUMBER (RLIN)
-- 37516
-- 37516
100 ## - MAIN ENTRY--PERSONAL NAME
Personal name Hammond Thomas T
245 ## - TITLE STATEMENT
Title Red Flag over Afghanistan: The communist coup, the Soviet invasion and the consequences
260 ## - PUBLICATION, DISTRIBUTION, ETC.
Place of publication, distribution, etc. Lahore
Name of publisher, distributor, etc. PAF Book Club
Date of publication, distribution, etc. 1984
942 ## - ADDED ENTRY ELEMENTS (KOHA)
Institution code [OBSOLETE] NUST-CAE
Call number prefix 958.1044 HAM
Holdings
Withdrawn status Lost status Damaged status Not for loan Collection code Permanent Location Current Location Date acquired Total Checkouts Full call number Barcode Date last seen Price effective from Koha item type
          College of Aeronautical Engineering (CAE) College of Aeronautical Engineering (CAE) 04/03/2017   958.1044 HAM CAEG-5435 04/05/2017 04/05/2017 Book
          College of Aeronautical Engineering (CAE) College of Aeronautical Engineering (CAE) 04/03/2017   958.1044 HAM CAEG-6250 04/05/2017 04/05/2017 Book
© 2023 Central Library, National University of Sciences and Technology. All Rights Reserved.